| 000 | 01335cam a22002411a 4500 | ||
|---|---|---|---|
| 001 | d 01000120 | ||
| 003 | DLC | ||
| 005 | 20260227111148.0 | ||
| 008 | 830727m18651870ne b 001 0 dut | ||
| 010 | _ad 01000120 | ||
| 035 | _a(OCoLC)9744820 | ||
| 040 |
_aDLC _cInGoM _dOCoLC _dUPB _dDLC |
||
| 050 | 0 | 0 |
_aDH186.5 _b.N95 |
| 100 | 1 |
_aNuyens, W. J. F. _q(Willem Jan Frans), _d1823-1894. |
|
| 245 | 1 | 0 |
_aGeschiedenis der Nederlandsche beroerten in de XVIe eeuw / _cDoor W. J. F. Nuyens. |
| 260 |
_aAmsterdam : _bC.L. van Langenhuysen, _c1865-70. |
||
| 300 |
_a8 v. in 4 ; _c23 cm. |
||
| 500 | _aBinder's title: Nederlandsche Beroerten. | ||
| 504 | _aIncludes bibliographic references, errata and index. | ||
| 505 | 0 | _a1. Geschiedenis van den oorsprong en het begin der Nederlandsche beroerten (1559-1567) -- 2. Geschiedenis van den opstand in de Nederlanden, van de komst van Alva tot aan de bevrediging van Gend (1567-1576) -- 3. Geschiedenis van den opstand in de Nederlanden, van de Gentsche bevrediging tot aan den dood van Willem van Oranje (Kalvinistische overheersching en katholieke reactie) (1576-1584) -- 4. Geschiedenis van de vorming van de republiek der zeven vereenigde provincien, (1584-1598). Each v. in 2 parts. | |
| 651 | 0 |
_aNetherlands _xHistory _yEighty Years' War, 1568-1648. |
|
| 740 | 0 | _aNederlandsche Beroerten | |
| 999 |
_c18597 _d18597 |
||